Manual of Electric Instruments / (Record no. 190987)
[ view plain ]
| 000 -LEADER | |
|---|---|
| fixed length control field | 00995 a2200169 4500 |
| 003 - CONTROL NUMBER IDENTIFIER | |
| control field | Nust |
| 005 - DATE AND TIME OF LATEST TRANSACTION | |
| control field | 20230718115830.0 |
| 040 ## - CATALOGING SOURCE | |
| Transcribing agency | Nust |
| 082 ## - DEWEY DECIMAL CLASSIFICATION NUMBER | |
| Classification number | 621.3,MAN |
| 245 ## - TITLE STATEMENT | |
| Title | Manual of Electric Instruments / |
| 260 ## - PUBLICATION, DISTRIBUTION, ETC. | |
| Place of publication, distribution, etc. | New York |
| Name of publisher, distributor, etc. | Meter & Instrument Division, West Lynn,Mass |
| Date of publication, distribution, etc. | 1949 |
| 300 ## - PHYSICAL DESCRIPTION | |
| Extent | 140.p |
| 440 ## - SERIES STATEMENT/ADDED ENTRY--TITLE | |
| Title | Electrical engineering |
| 9 (RLIN) | 101315 |
| 505 ## - FORMATTED CONTENTS NOTE | |
| Formatted contents note | Permanent – Magnet- Moving - Coil Instruments (Page-1), RECTIFIER Instruments (Page-17), Thermocouple Instruments (Page-24), Moving – Iron Ammeters (Page-32), Electrodynameter Instrument (Page-47), Power – Factor Meter (Page-63), Synchroscopes (Page-70), Frequency Meter (Page-77), Recording Instruments (Page-84), Specialized Instruments to Measure Electrical Quantities (Page-98), Specialized Instruments to Measure Electrical Properties (Page-109), Specialized Instruments to Measure Nonelectrical Quantities (Page116), Electric Telemeters (Page-124). |
| 650 ## - SUBJECT ADDED ENTRY--TOPICAL TERM | |
| Topical term or geographic name entry element | Electric instruments |
| 9 (RLIN) | 113707 |
| 942 ## - ADDED ENTRY ELEMENTS (KOHA) | |
| Source of classification or shelving scheme | |
| Koha item type | Book Bank |
| Withdrawn status | Lost status | Source of classification or shelving scheme | Damaged status | Not for loan | Permanent Location | Current Location | Shelving location | Date acquired | Full call number | Barcode | Date last seen | Price effective from | Koha item type | Public note |
|---|---|---|---|---|---|---|---|---|---|---|---|---|---|---|
| Military College of Signals (MCS) | Military College of Signals (MCS) | General Stacks | 12/12/2016 | 621.3,MAN | MCS5870 | 12/08/2016 | 12/12/2016 | Book | Almirah No 88, Shelf No 2 |
